000 00214nam a2200097Ia 4500
008 240331s9999 xx 000 0 und d
082 _bILA
100 _aIlanthirian, S
245 0 _aPuduthamil mutalvarhal
942 _cL
999 _c4055
_d4055